02059 2200841 4500001002100000005001500021035002000036007000300056008004100059020002200100082000800122084001400130100001600144245021000160260003100370300004000401500002400441700001900465700001500484700001700499700002100516504002900537600001400566990001300580990001300593990001300606990001300619990001300632990001300645990001300658990001300671990001300684990001300697990001300710990001300723990001300736990001300749990001300762990001300775990001300788990001300801990001300814990001300827990001300840990001300853990001300866990001300879990001300892990001300905990001300918990001300931990001300944990001300957990001300970990001300983990001300996990001301009990001301022990001301035990001301048990001301061990001301074990001301087990001301100990001301113990001301126990001301139990001301152990001301165990001301178990001301191990001301204INLIS00000000000004820221107110021 a0010-1122000048ta221107 g 0 ind  a978-602-254-195-0 a301 a301 KUN s0 aKun Maryati1 aSosiologi untuk SMA/MA kelas X jilid 1 :bKelompok peminatan ilmu pengetahuan sosial kurikulum 2013 /cKun Maryati, Juju Suryawati ; editor, Nur Hayati, MA., Roy P Sitepu, MM., H. Raymond Sitempul, M. Hum. aJakarta :bErlangga,c2016 ax, 292 hlm. :bilus. ;c25 x 18 cm. aindeks hlm. 291-2920 aJuju Suryawati0 aNur Hayati0 aRoy P Sitepu0 aRaymond Sitempul abibliografi hlm. 282-283 4aSosiologi a01850185 a01850185 a01850185 a01850185 a01850185 a01850185 a01850185 a01850185 a01850185 a01850185 a01850185 a01850185 a01850185 a01850185 a01850185 a01850185 a01850185 a01850185 a01850185 a01850185 a01850185 a01850185 a01850185 a01850185 a01850185 a01850185 a01850185 a01850185 a01850185 a01850185 a01850185 a01850185 a01850185 a01850185 a01850185 a01850185 a01850185 a01850185 a01850185 a01850185 a01850185 a01850185 a01850185 a01850185 a01850185 a01850185 a01850185 a01850185 a01850185